| 000 | 01080nam a22002897a 4500 | ||
|---|---|---|---|
| 001 | 5136 | ||
| 003 | FISKH | ||
| 005 | 20250827093820.0 | ||
| 008 | 241107b cb ||||| |||| 00| 0 eng d | ||
| 020 | _a9789814281096 | ||
| 040 |
_aFISKH _beng _cFISKH _dFISKH |
||
| 082 | _a398.20947 | ||
| 100 |
_aGiles, Jenny _d(1985-) |
||
| 245 |
_aThe tale of the turnip / _cRetold by Jenny Giles Illustrated by Chantal Stewart |
||
| 250 | _aFirst published in 1997 | ||
| 260 |
_aSouth Melbourne : _bNelson, _c1997. |
||
| 300 |
_a32 pages : _bcolor illustrations ; _c21 cm |
||
| 505 | _aP | ||
| 520 | _aOriginally a Russian folk tale, this is the story of an old farmer and a turnip that grows to become gigantic. The farmer decides to make turnip soup, but cannot pull it out of the ground all on his own. Other characters, including a mouse, unite to help create a delicious ending. | ||
| 521 | 8 |
_a650
_bLexile |
|
| 521 | 8 |
_aP
_bRaz-Plus |
|
| 650 | _2Fairy tales | ||
| 650 | _2Folktales | ||
| 700 |
_aStewart, Chantal _dIllustrator |
||
| 942 |
_2ddc _cBK _n0 |
||
| 999 |
_c5136 _d5136 |
||